Activating the use of prepositions /

Αποθηκεύτηκε σε:
Λεπτομέρειες βιβλιογραφικής εγγραφής
Κύριος συγγραφέας: Pittman, G.A
Μορφή: Βιβλίο
Έκδοση: NY. : Longman. 1966
Θέματα:
Ετικέτες: Προσθήκη ετικέτας
Δεν υπάρχουν, Καταχωρήστε ετικέτα πρώτοι!
Thư viện lưu trữ: Mạng thư viện Đại học Đà Nẵng
LEADER 00841nam a22002531a 4500
001 000038085
003 14380
005 20221018111508.0
008 160412s1966 000
082 |a 425  |b PI-G 
100 |a Pittman, G.A 
245 0 |a Activating the use of prepositions /  |c G.A.Pittman. 
260 |c 1966  |a NY. :  |b Longman. 
300 |a 182tr. : ;  |c 18cm. 
653 |a prepositions  |a use of prepositions 
OWN |a LNN 
AVA |a UDN50  |b LNN  |c English  |d 425PI-G  |e available  |t Error 5001 Not defined in file expand_doc_bib_avail.  |f 1  |g 0  |h N  |i 0  |j AN 
999 |a From the UDN01 
AVA |a UDN50  |b LNN  |c English  |d 425PI-G  |e available  |t Error 5001 Not defined in file expand_doc_bib_avail.  |f 1  |g 0  |h N  |i 0  |j AN 
TYP |a Monograph 
980 |a Mạng thư viện Đại học Đà Nẵng